International law / (Record no. 14988)
[ view plain ]
| 000 -LEADER | |
|---|---|
| fixed length control field | 00865cam a22002651a 4500 |
| 001 - CONTROL NUMBER | |
| control field | 13173958 |
| 005 - DATE AND TIME OF LATEST TRANSACTION | |
| control field | 20150329132931.0 |
| 008 - FIXED-LENGTH DATA ELEMENTS--GENERAL INFORMATION | |
| fixed length control field | 030423s2008 enk f b f001 0 eng d |
| 020 ## - INTERNATIONAL STANDARD BOOK NUMBER | |
| International Standard Book Number | 0521728142 |
| 020 ## - INTERNATIONAL STANDARD BOOK NUMBER | |
| International Standard Book Number | 9780521728140 (pbk.) |
| 020 ## - INTERNATIONAL STANDARD BOOK NUMBER | |
| International Standard Book Number | 9780521899291 (hpk.) |
| 040 ## - CATALOGING SOURCE | |
| Original cataloging agency | DLC |
| Transcribing agency | DLC |
| Modifying agency | J2H |
| -- | C#P |
| -- | EL$ |
| -- | BAKER |
| -- | NLGGC |
| -- | YDXCP |
| -- | OCLCQ |
| -- | LVB |
| -- | UBA |
| -- | OCLCG |
| -- | DLC |
| -- | EG-ScBUE |
| 082 00 - DEWEY DECIMAL CLASSIFICATION NUMBER | |
| Classification number | 341 |
| Item number | SHA |
| Edition number | 22 |
| 100 1# - MAIN ENTRY--PERSONAL NAME | |
| Personal name | Shaw, Malcolm N. |
| Fuller form of name | (Malcolm Nathan), |
| Dates associated with a name | 1947- |
| 9 (RLIN) | 20052 |
| 245 10 - TITLE STATEMENT | |
| Title | International law / |
| Statement of responsibility, etc | Malcolm N. Shaw. |
| 250 ## - EDITION STATEMENT | |
| Edition statement | 6th ed. |
| 260 ## - PUBLICATION, DISTRIBUTION, ETC. (IMPRINT) | |
| Place of publication, distribution, etc | Cambridge : |
| Name of publisher, distributor, etc | Cambridge University Press, |
| Date of publication, distribution, etc | 2008. |
| 300 ## - PHYSICAL DESCRIPTION | |
| Extent | clxvi, 1542 p. ; |
| Dimensions | 23 cm. |
| 500 ## - GENERAL NOTE | |
| General note | Index : p. 1342-1542. |
| 504 ## - BIBLIOGRAPHY, ETC. NOTE | |
| Bibliography, etc | Includes bibliographical references. |
| 650 #0 - SUBJECT ADDED ENTRY--TOPICAL TERM | |
| Topical term or geographic name as entry element | International law. |
| 9 (RLIN) | 9620 |
| 653 ## - INDEX TERM--UNCONTROLLED | |
| Resource For college | BAEPS, Political Science |
| Arrived date list | March2015 |
| 655 ## - INDEX TERM--GENRE/FORM | |
| Form subdivision | |
| -- | 33728 |
| 942 ## - ADDED ENTRY ELEMENTS (KOHA) | |
| Source of classification or shelving scheme | Dewey Decimal Classification |
| Call number prefix | 341 SHA |
| Withdrawn status | Item status | Source of classification or shelving scheme | Damaged status | Not for loan | Vendor | Home library | Current library | Shelving location | Date acquired | Source of acquisition | Total Checkouts | Full call number | Barcode | Date last seen | Date last borrowed | Koha item type | Total Renewals | Materials specified (bound volume or other part) | Cost, normal purchase price | Cost, replacement price |
|---|---|---|---|---|---|---|---|---|---|---|---|---|---|---|---|---|---|---|---|---|
| Dewey Decimal Classification | Baccah | Central Library | Central Library | First floor | 10/03/2011 | 1 | 341 SHA | 000022868 | 15/07/2025 | 04/09/2012 | NB - Book (Non borrowing) | |||||||||
| Dewey Decimal Classification | Baccah | Central Library | Central Library | First floor | 15/03/2011 | 16 | 341 SHA | 000022986 | 15/07/2025 | 09/02/2020 | Book - Borrowing | 50 | ||||||||
| Dewey Decimal Classification | Damaged | Baccah | Central Library | Central Library | First floor | 15/03/2011 | 13 | 341 SHA | 000022987 | 18/08/2021 | 17/02/2016 | Book - Borrowing | 50 | BOX07 | ||||||
| Dewey Decimal Classification | Baccah | Central Library | Central Library | First floor | 29/03/2015 | 7 | 341 SHA | 000037864 | 15/07/2025 | 03/03/2022 | Book - Borrowing | 67 | 270.00 | 338.00 | ||||||
| Dewey Decimal Classification | Baccah | Central Library | Central Library | First floor | 29/03/2015 | 9 | 341 SHA | 000037863 | 15/07/2025 | 13/06/2021 | Book - Borrowing | 37 | 270.00 | 338.00 | ||||||
| Dewey Decimal Classification | Baccah | Central Library | Central Library | First floor | 29/03/2015 | 8 | 341 SHA | 000037862 | 15/07/2025 | 29/03/2021 | Book - Borrowing | 59 | 270.00 | 338.00 | ||||||
| Dewey Decimal Classification | Baccah | Central Library | Central Library | First floor | 29/03/2015 | 12 | 341 SHA | 000037861 | 03/01/2026 | 20/12/2025 | Book - Borrowing | 80 | 270.00 | 338.00 | ||||||
| Dewey Decimal Classification | Baccah | Central Library | Central Library | First floor | 29/03/2015 | 7 | 341 SHA | 000037860 | 15/07/2025 | 03/03/2022 | Book - Borrowing | 45 | 270.00 | 338.00 |